| 000 | 00681nam a2200181 a 4500 | ||
|---|---|---|---|
| 008 | 060316s1973 ||||||||||||||||| || u | ||
| 020 | _a0137116225 | ||
| 050 | _aTA 340 Gib | ||
| 100 | _aGibra, Isaac N | ||
| 245 | 1 | 0 | _aProbability and statistical inference for scientists and engineers |
| 260 |
_aEnglewood Cliffs : _bFT Prentice-Hall _c1973 |
||
| 300 | _axii, 596 p. illus. | ||
| 350 | _a0.00 | ||
| 500 | _aIncludes bibliographies. | ||
| 650 | 0 | _aPROBABILITIES | |
| 650 | _aENGINEERING--STATISTICAL METHODS | ||
| 995 |
_D0.00 _FCBU-MAIN LIBRARY (Kitwe) _H1 _I31.00 _M1 _ULOST _VMar 7, 2013 _ZMain Library Open Access Collection |
||
| 999 |
_c54737 _d54737 |
||